000 00937nam0a22002771 4500
001 v19\rc\1671922
005 20250619013738.0
035 _a(NLR Aleph) 004779305
090 _a4666793
_c4666793
100 _a20061002d1893 |||y0rusy50 ca
101 0 _arus
102 _aRU
105 _ay z |||||
200 1 _aДруг и советник сельских и городских хозяев, или Сборник рецептов по всем отраслям хозяйства
_eВ 5 отд.
_fСост. техн. Ф.В. Прохорович
210 _aКременчуг
_cИ.М. Садд
_d1893
215 _a92, IV с.
_d22
700 1 _aПрохорович
_bФ.В.
_4220
801 0 _aRU
_bNLR
_gpsbo
801 0 _aRU
_bRuMoRGB
_2psbo
801 1 _aRU
_bProSoft-M
_2rusmarc
852 _aNLR
_j18.188.5.489
899 _aRuMoRGB
_jA 212/640
899 _aRuMoRGB
_jA 326/567
899 _aБАН
942 _cBOOK
980 _aNB